| 000 | 01191cad a22002055a 4500 | ||
|---|---|---|---|
| 001 | L153698 | ||
| 008 | 110818s2011 xxk 000 0 eng d | ||
| 035 | _a(Sirsi) u153698 | ||
| 041 | 0 | _aeng | |
| 110 | 2 |
_aEC Harris _94930 |
|
| 245 | 0 | 0 |
_aInternational bulletin _bSummer 2011, rapid growth in emerging markets creates 2-speed recovery _h[electronic resource] |
| 260 |
_a[S.l.] _bECHarris _c2011 |
||
| 490 | 0 | _aEC Harris Research International Bulletin | |
| 520 | _aConstruction costs in the UK have slipped a couple of places down the 'league table' of international costs and the UK is now 10th in Europe and 14th overall, compared to all countries covered in the EC Harris survey of International construction costs. Looks at commodity prices, an overview of construction costs in Europe, North America, Middle East and Asia Pacific; graphs illustrating international cost comparisons and worldwide economic growth (2011-2012). | ||
| 590 | _aKA NTK | ||
| 651 | 4 | _aInternational | |
| 690 | _aBUILT ENVIRONMENT-CONSTRUCTION MARKET | ||
| 856 | 4 | 0 |
_uhttps://www.echarris.com/pdf/International%20Bulletin%202011%20FINAL.pdf _zView the item free of charge at www.echarris.com |
| 942 | _n0 | ||
| 999 |
_c112655 _d112655 |
||